Shelley's German afterlives, 1814-2000 (Record no. 141997)
[ view plain ]
| 000 -LEADER | |
|---|---|
| fixed length control field | 01357nam a2200337Ia 4500 |
| 082 04 - DEWEY DECIMAL CLASSIFICATION NUMBER | |
| Classification number | 821.7 |
| 100 1# - MAIN ENTRY--AUTHOR NAME | |
| Personal name | Schmid, Susanne, |
| 245 10 - TITLE STATEMENT | |
| Title | Shelley's German afterlives, 1814-2000 |
| 260 ## - PUBLICATION, DISTRIBUTION, ETC. (IMPRINT) | |
| Place of publication | Basingstoke : |
| Name of publisher | Palgrave Macmillan, |
| Year of publication | 2007. |
| 300 ## - PHYSICAL DESCRIPTION | |
| Number of Pages | vi, 243 p. |
| 490 1# - SERIES STATEMENT | |
| Series statement | Nineteenth-century major lives and letters |
| 650 #0 - SUBJECT ADDED ENTRY--TOPICAL TERM | |
| Topical Term | English poetry. |
| 856 40 - ELECTRONIC LOCATION AND ACCESS | |
| Uniform Resource Identifier | http://site.ebrary.com/lib/rucke/Doc?id=10175723 |
No items available.
